| 000 | 00586nam a22001937a 4500 | ||
|---|---|---|---|
| 005 | 20251108175944.0 | ||
| 008 | 250721s2025 xx 000 0 ara d | ||
| 082 | 1 | 4 | _a371.912/مار |
| 100 | 1 | _aمارشارك، مارك | |
| 245 | 1 | 0 |
_aالادراك لدى الصم : _bالاسس والمخرجات / |
| 264 | 1 |
_aعمان : _bدار اليازوري، _c2025. |
|
| 300 | _a596ص. | ||
| 650 | 1 | 7 | _aالطلاب المعوقون |
| 650 | 1 | 7 | _aالصم |
| 650 | 1 | 7 | _aاساليب التدريس |
| 650 | 1 | 7 | _aالتربية الخاصة |
| 942 |
_2ddc _cBK |
||
| 999 |
_c146383 _d146383 |
||